000
00251nam a2200097Ia 4500
008
220204s9999 xx 000 0 und d
082
_a
678
_b
ADV.20
245
0
_a
Advances in polymer science. V 20
260
_a
Berlin
_b
Springer Verlag
_c
1976
942
_c
BK
999
_c
25460
_d
25460